00676nam a2200193 i 450000100060000000300090000600500170001500700030003200800410003510000400007624500840011625000180020026000480021830000220026670000360028885200210032499900170034595201200036289718ES-MaACL20230906180244.0t|050112s1934 fr ||||1| fre d1 aLawrence, D.H. (d1885-1930)97074310aDéfense de Lady Chatterley / cD.H. Lawrence ; traduit par J. Benoist-Mechin. a26ème éd. aParis : bGallimard, c1934 (fPaul Dupont) a158 p. ; c19 cm.1 aBenoist-Mechin, Jacques.927750 aES-MaACLjA-2765 c89718d89718 00104070aATENEOMbATENEOMcSPP1d2008-01-17eSCl0oA-2765p1093699r2023-02-23 00:00:00w2023-02-23yMONOGRAFIA